| 000 | 00353 a2200145 4500 | ||
|---|---|---|---|
| 001 | 169260 | ||
| 020 | _a | ||
| 040 | _cMagnum | ||
| 100 | _aTeixeira Junior, Jober | ||
| 240 | 1 | 0 |
_aFutebol de salao: uma nova visao pedagogica _lpor |
| 245 | 1 | 0 | _aFutebol de salao: uma nova visao pedagogica |
| 362 | 0 | _a1899 | |
| 697 | _aEDUCACAO FISICA | ||
| 942 | _cBK | ||
| 999 |
_c169260 _d169260 |
||